000 00656naa a22001217u 4500
008 130517b2002 xxu||||| |||| 00| 0 spa d
040 _aSPA
100 1 _aCociña y Abella, Manuel José
_95706
245 0 0 _aGlobalizar la solidaridad
300 _a17-20 p.
_c23 cm.
773 0 _tVivir en un mundo globalizado:XI Simposio de Historia de la Iglesia en España y América. Academia de Historia Eclesiástica, Sevilla, 22 de mayo de 2000
_aCASTAÑEDA DELGADO, Paulino; COCIÑA Y ABELLA, Manuel José;AMIGO VALLEJO, Carlos; CASTILLEJO GORRAIZ, Miguel
_dCordoba,Publicaciones Obra Social y Cultural CajaSur,2002,
_gpágs. 17-20
_z84-7959-431-4,
_w71890
942 _cAC
999 _c217390
_d217390